Т. 93, вып. 11; Журнал прикладной химии

ग्रंथसूची विवरण
Parent link:Журнал прикладной химии: химический журнал/ Российская академия наук. Т. 93, вып. 11.— , 1928-
भाषा:रूसी
प्रकाशित: 2020
ऑनलाइन पहुंच:https://sciencejournals.ru/view-issue/?j=prikkhim&y=2020&v=93&n=11
https://elibrary.ru/contents.asp?id=44148118
स्वरूप: इलेक्ट्रोनिक पुस्तक
KOHA link:https://koha.lib.tpu.ru/cgi-bin/koha/opac-detail.pl?biblionumber=588309

MARC

LEADER 00000nam2a2200000 4500
001 588309
005 20231101131513.0
035 |a (RuTPU)RU\TPU\prd\291025 
035 |a RU\TPU\prd\291024 
090 |a 588309 
100 |a 20221218a19289999k y0rusy50 ca 
101 0 |a rus 
102 |a RU 
181 0 |a i  
182 0 |a b 
200 0 |a Т. 93, вып. 11  |b Электронный ресурс 
203 |a Текст  |c электронный 
210 |d 2020 
461 1 |0 (RuTPU)RU\TPU\prd\164  |t Журнал прикладной химии  |o химический журнал  |f Российская академия наук  |v Т. 93, вып. 11  |d 1928- 
801 0 |a RU  |b 63413507  |c 20010227  |g PSBO 
801 1 |a RU  |b 63413507  |c 20160404 
801 2 |a RU  |b 63413507  |c 20221218  |g RCR 
856 4 0 |u https://sciencejournals.ru/view-issue/?j=prikkhim&y=2020&v=93&n=11 
856 4 0 |u https://elibrary.ru/contents.asp?id=44148118 
942 |c BK